|
|
|
|
| LEADER |
00000nam0a2200000 4500 |
| 001 |
228603 |
| 005 |
20231101230904.0 |
| 010 |
|
|
|a 5020071838
|
| 020 |
|
|
|a RU
|b 90-25461
|
| 035 |
|
|
|a (RuTPU)RU\TPU\book\249079
|
| 090 |
|
|
|a 228603
|
| 100 |
|
|
|a 20121220d1990 k y0rusy5003 ca
|
| 101 |
0 |
|
|a rus
|
| 102 |
|
|
|a RU
|
| 105 |
|
|
|a a z 001zy
|
| 200 |
1 |
|
|a Инженерные методы расчета термоэлектрических генераторов
|f Р. В. Ковальский
|g Всесоюзный научно-исследовательский проектно-конструкторский и технологический институт источников тока ; отв. ред. Н. В. Коломоец
|
| 210 |
|
|
|a Москва
|c Наука
|d 1990
|
| 215 |
|
|
|a 189 с.
|c ил.
|d 21 см
|
| 320 |
|
|
|a Библиогр.: с. 185-186 (77 назв.).
|
| 606 |
1 |
|
|a Генераторы термоэлектрические
|2 stltpush
|3 (RuTPU)RU\TPU\subj\5854
|9 33842
|
| 610 |
1 |
|
|a расчет
|
| 610 |
1 |
|
|a термоэлементы
|
| 610 |
1 |
|
|a режимы работы
|
| 610 |
1 |
|
|a конструкции
|
| 610 |
1 |
|
|a оптимальные параметры
|
| 675 |
|
|
|a 621.362
|z rus
|v 3
|
| 700 |
|
1 |
|a Ковальский
|b Р. В.
|g Роллан Владимирович
|4 070
|
| 702 |
|
1 |
|a Коломоец
|b Н. В.
|4 340
|
| 712 |
0 |
2 |
|a Всесоюзный научно-исследовательский проектно-конструкторский и технологический институт источников тока
|2 stltpush
|3 (RuTPU)RU\TPU\col\18391
|9 27021
|
| 801 |
|
0 |
|a RU
|b RuMRKP
|c 19950417
|g psbo
|
| 801 |
|
1 |
|a RU
|b 63413507
|c 20121220
|
| 801 |
|
2 |
|a RU
|b 63413507
|c 20121224
|g RCR
|
| 942 |
|
|
|c BK
|